000 00894nas a2200289 4500
001 BR2010000088
003 BR-BrBNA
005 20231205114027.0
007 ta
008 230509b bl.|||p| |||| 00| 00por d
040 _aBR-BrBNA
_bpor
_cBiblioteca Nacional de Agricultura
041 _a(Pt)
072 _aP06
100 1 _aSalla, D.A.
100 1 _aFurlaneto, F. de P.B.
100 1 _aCabello, C.
100 1 _aKanthack, R.A.D.
245 1 _aAvaliação energética da produção de etanol utilizando como matéria-prima a cana-de-açúcar
650 _aCANA DE AÇÚCAR
650 _aPROCESSAMENTO
650 _aRECURSO ENERGÉTICO
650 _aDESENVOLVIMENTO SUSTENTÁVEL
650 _aETANOL
773 0 _tCiência Rural (Brazil)
_xISSN 0103-8478
_g(Nov 2009), v. 39(8) p. 2516-2520
_wBR2010000088
909 _a202311
_bLúcia
_c55
_dLúcia Elande
942 _2AGRIS
_n0
_cANA
999 _c206782
_d206782